| 000 | 01017cam a2200277 4500 | ||
|---|---|---|---|
| 001 | J2663 | ||
| 008 | 090401t1992 xxu||||| |||| 00| 0 eng d | ||
| 035 | _a(Sirsi) u50344 | ||
| 041 | _aeng | ||
| 050 | _a346.4104342 | ||
| 110 |
_aInstitute of Rent Officers Educational Trust _9181 |
||
| 245 | _aProcedural charts for residential tenancies. | ||
| 260 |
_aBirmingham _bInstitute of Rent Officers Educational T _c1992 |
||
| 300 | _a52p. ; 30cm. | ||
| 350 | _a25 | ||
| 520 | _aCompiled by P.E. Byrne and B.J.C. Good. A series of charts designed to act as a quick guide to the major provisions of the Housing Act 1988. | ||
| 650 | _aASSURED TENANCIES | ||
| 650 | _aFAIR RENTS | ||
| 650 | _aHOUSING ACT 1988 | ||
| 650 | _aREGULATED TENANCIES | ||
| 650 | _aRENT ACT 1977 | ||
| 650 | _aPROPERTY-RESIDENTIAL PROPERTY-RESIDENTIAL LANDLORD AND TENANT-RESIDENTIAL TENANCIES | ||
| 690 | _aPROPERTY-RESIDENTIAL PROPERTY-RESIDENTIAL LANDLORD AND TENANT-RESIDENTIAL TENANCIES | ||
| 942 | _n0 | ||
| 948 | _c04/03/1997 | ||
| 999 |
_c92695 _d92695 |
||